<?xml version="1.0" encoding="UTF-8"?>
<record
    xmlns:xsi="http://www.w3.org/2001/XMLSchema-instance"
    xsi:schemaLocation="http://www.loc.gov/MARC21/slim http://www.loc.gov/standards/marcxml/schema/MARC21slim.xsd"
    xmlns="http://www.loc.gov/MARC21/slim">

  <leader>01142naa a2200169Ia 4500</leader>
  <controlfield tag="008">200107s2016    xx            000 0 und d</controlfield>
  <datafield tag="082" ind1=" " ind2=" ">
    <subfield code="a">570</subfield>
    <subfield code="b">Si6</subfield>
  </datafield>
  <datafield tag="083" ind1=" " ind2=" ">
    <subfield code="a">570 Si6</subfield>
  </datafield>
  <datafield tag="099" ind1=" " ind2=" ">
    <subfield code="a">2284</subfield>
  </datafield>
  <datafield tag="100" ind1=" " ind2=" ">
    <subfield code="a">Singh, Lakhmir</subfield>
    <subfield code="9">4918</subfield>
  </datafield>
  <datafield tag="245" ind1="1" ind2="0">
    <subfield code="a">Science for tenth class (part-3) : </subfield>
    <subfield code="b">biology.</subfield>
  </datafield>
  <datafield tag="264" ind1=" " ind2=" ">
    <subfield code="a">India</subfield>
    <subfield code="b">S. Chand School Books, </subfield>
    <subfield code="c">2016.</subfield>
  </datafield>
  <datafield tag="300" ind1=" " ind2=" ">
    <subfield code="a">484</subfield>
  </datafield>
  <datafield tag="520" ind1=" " ind2=" ">
    <subfield code="a">This book has been revised according to the NCERT syllabus prescribed by the Central Board of Secondary Education (CBSE) based on new "Continuous and Comprehensive Evaluation" (CCE) pattern of school education. Just like our earlier books, we have written this book in such a simple style that even the weak students will be able to understand biology very easily. Believe us, while writing this book, we have considered ourselves to be the students of Class X and tried to make things as simple as possible. The most important feature of this revised edition of the book is that we have included a large variety of different types of questions as required by CCE for assessing the learning abilities of the students.</subfield>
  </datafield>
  <datafield tag="700" ind1=" " ind2=" ">
    <subfield code="a">Kaur, Manjit</subfield>
    <subfield code="9">4919</subfield>
  </datafield>
  <datafield tag="942" ind1=" " ind2=" ">
    <subfield code="2">ddc</subfield>
    <subfield code="c">BK</subfield>
  </datafield>
  <datafield tag="999" ind1=" " ind2=" ">
    <subfield code="c">2284</subfield>
    <subfield code="d">2284</subfield>
  </datafield>
  <datafield tag="952" ind1=" " ind2=" ">
    <subfield code="0">0</subfield>
    <subfield code="1">0</subfield>
    <subfield code="2">ddc</subfield>
    <subfield code="4">0</subfield>
    <subfield code="7">0</subfield>
    <subfield code="a">FOUNDATION</subfield>
    <subfield code="b">FOUNDATION</subfield>
    <subfield code="c">E-BOOKS</subfield>
    <subfield code="d">2022-02-23</subfield>
    <subfield code="o">570 Si6</subfield>
    <subfield code="p">61879</subfield>
    <subfield code="r">2022-02-23 00:00:00</subfield>
    <subfield code="w">2022-02-23</subfield>
    <subfield code="y">BK</subfield>
  </datafield>
</record>
